ARRUPE JESUIT UNIVERSITY

CORONAVIRUS -STOP THE SPREAD - CLEAN,DISINFECT,COVER

Ethiopia in change : (Record no. 130640)

MARC details
000 -LEADER
fixed length control field 01775cam a2200385 a 4500
001 - CONTROL NUMBER
control field 52584
003 - CONTROL NUMBER IDENTIFIER
control field ARRUPE
005 - DATE AND TIME OF LATEST TRANSACTION
control field 20211004085011.0
008 - FIXED-LENGTH DATA ELEMENTS--GENERAL INFORMATION
fixed length control field 940216s1994 enk b 001 0 eng
010 ## - LIBRARY OF CONGRESS CONTROL NUMBER
LC control number 94060175
020 ## - INTERNATIONAL STANDARD BOOK NUMBER
International Standard Book Number 1850436444
040 ## - CATALOGING SOURCE
Original cataloging agency DLC
Transcribing agency DLC
Modifying agency DLC
043 ## - GEOGRAPHIC AREA CODE
Geographic area code f-et---
050 00 - LIBRARY OF CONGRESS CALL NUMBER
Classification number DT388
Item number .E79 1994
082 00 - DEWEY DECIMAL CLASSIFICATION NUMBER
Classification number 963.07
Edition number 21
300 ## - PHYSICAL DESCRIPTION
Dimensions 23 cm.
245 00 - TITLE STATEMENT
Title Ethiopia in change :
Remainder of title peasantry, nationalism, and democracy /
Statement of responsibility, etc edited by Abebe Zegeye and Siegfried Pausewang.
260 ## - PUBLICATION, DISTRIBUTION, ETC. (IMPRINT)
Place of publication, distribution, etc London :
-- New York :
Name of publisher, distributor, etc British Academic Press,
Date of publication, distribution, etc 1994.
300 ## - PHYSICAL DESCRIPTION
Extent xi, 333 p. ;
504 ## - BIBLIOGRAPHY, ETC. NOTE
Bibliography, etc Includes bibliographical references (p. [309]-321) and index.
650 #0 - SUBJECT ADDED ENTRY--TOPICAL TERM
Topical term or geographic name as entry element Democracy
Geographic subdivision Ethiopia.
9 (RLIN) 44768
651 #0 - SUBJECT ADDED ENTRY--GEOGRAPHIC NAME
Geographic name Ethiopia
General subdivision Politics and government
Chronological subdivision 1991-
9 (RLIN) 44770
651 #0 - SUBJECT ADDED ENTRY--GEOGRAPHIC NAME
Geographic name Ethiopia
General subdivision Politics and government
Chronological subdivision 1974-1991.
9 (RLIN) 50185
651 #0 - SUBJECT ADDED ENTRY--GEOGRAPHIC NAME
Geographic name Ethiopia
General subdivision Economic conditions
Chronological subdivision 1974-
9 (RLIN) 50186
651 #0 - SUBJECT ADDED ENTRY--GEOGRAPHIC NAME
Geographic name Ethiopia
General subdivision Economic policy.
9 (RLIN) 50187
700 0# - ADDED ENTRY--PERSONAL NAME
Personal name Abebe Zegeye.
9 (RLIN) 50188
700 1# - ADDED ENTRY--PERSONAL NAME
Personal name Pausewang, Siegfried.
9 (RLIN) 50189
710 2# - ADDED ENTRY--CORPORATE NAME
Corporate name or jurisdiction name as entry element Thomas Leiper Kane Collection (Library of Congress. Hebraic Section)
Institution to which field applies DLC
9 (RLIN) 24290
856 42 - ELECTRONIC LOCATION AND ACCESS
Materials specified Publisher description
Uniform Resource Identifier <a href="http://www.loc.gov/catdir/description/hol055/94060175.html">http://www.loc.gov/catdir/description/hol055/94060175.html</a>
856 41 - ELECTRONIC LOCATION AND ACCESS
Materials specified Table of contents
Uniform Resource Identifier <a href="http://www.loc.gov/catdir/toc/hol052/94060175.html">http://www.loc.gov/catdir/toc/hol052/94060175.html</a>
856 42 - ELECTRONIC LOCATION AND ACCESS
Materials specified Contributor biographical information
Uniform Resource Identifier <a href="http://www.loc.gov/catdir/enhancements/fy0811/94060175-b.html">http://www.loc.gov/catdir/enhancements/fy0811/94060175-b.html</a>
906 ## - LOCAL DATA ELEMENT F, LDF (RLIN)
a 7
b cbc
c orignew
d 2
e opcn
f 19
g y-gencatlg
942 ## - ADDED ENTRY ELEMENTS (KOHA)
Source of classification or shelving scheme Library of Congress Classification
Koha item type Monograph ( Printed materials)
Holdings
Withdrawn status Lost status Source of classification or shelving scheme Damaged status Not for loan Collection code Home library Current library Shelving location Date acquired Total Checkouts Full call number Barcode Date last seen Price effective from Koha item type
    Library of Congress Classification     Main Collection ARRUPE LIBRARY ARRUPE LIBRARY Main Collection 04/10/2021   DT388 .E79 1994 46600007905 04/10/2021 04/10/2021 Monograph ( Printed materials)

 

Arrupe Library. PO Box MP320 Mt Pleasant, Harare, Zimbabwe
263 242 745411|librarian@aju.ac.zw